000 01158cam a2200217 4500
001 WB3943-14
008 031113n2003 000 0 eng u
035 _a(Sirsi) u124309
245 _aCabe: limit listings to boost economy.
260 _c2003
490 _aBuilding Design
_v1601 7 November 2003, 2(1)
520 _aThe Commission for Architecture and the Built Environment's submission to the public consultation on the government's review of the listing process has recommended that economic and social considerations become part of the listing process. These are in opposition to the views expressed by National Heritage and the RIBA. CABEs proposals would mean that listing could be withheld if it would result in the blocking of a significant regeneration project. The public consultation has now closed with the DCMS receiving 400 submissions, the report of the findings will be complied early next year with the White Paper published in the Spring.
590 _aWB
650 _aLISTED BUILDINGS
650 _aCABE
650 _aREGENERATION
650 _aENGLISH HERITAGE
650 _aRIBA
690 _aREGENERATION
942 _n0
999 _c73785
_d73785